00198nam a22000977a 4500003000400000082001700004100001700021245002600038260002800064300000800092SGT a746.92bT02V aVOGT, PETER  aTHE FASHION INDUSTRY  aN.Y. bCHECKMARK c2002 a224